| 000 | 01547nam0a22002891 4500 | ||
|---|---|---|---|
| 001 | rc\3441204 | ||
| 005 | 20250610004334.0 | ||
| 021 |
_aRU _b[70-71676] |
||
| 035 | _a(NLR Aleph) 007590464 | ||
| 090 |
_a5605802 _c5605802 |
||
| 100 | _a20130115d1970 |||y0rusy50 ca | ||
| 101 | 0 | _arus | |
| 102 | _aRU | ||
| 105 | _aa z ||||| | ||
| 200 | 1 |
_aСовременные строительные мачтовые подъемники и перспективы их развития _e[Обзор] _fМ-во строит., дор. и коммун. машиностроения. Всесоюз. науч.-исслед. ин-т строит. и дор. машиностроения. Центр. науч.-исслед. ин-т информации и техн.-экон. исследований по строит., дор. и коммун. машиностроению |
|
| 210 |
_aМосква _cБ. и. _d1970 |
||
| 215 |
_a92 с. _cил. _d22 |
||
| 225 | 1 |
_aСерия I ["Строительные и дорожные машины" _iРаздел "Строительные и дорожные машины"] |
|
| 300 | _aАвт.-сост. указан на обороте тит. л.: канд. техн. наук А.Х. Гехт | ||
| 320 | _aБиблиогр.: с. 90-91 | ||
| 606 |
_aПодъемники мачтовые, строительные _2psbo |
||
| 700 | 1 |
_aГехт _bА.Х. _gАлександр Хаитович _4220 |
|
| 801 | 0 |
_aRU _bNLR _gpsbo |
|
| 801 | 1 |
_aRU _bELAR _2rusmarc |
|
| 852 |
_aNLR _j70-6/6998 |
||
| 942 | _cBOOK | ||
| 980 | _aNB | ||